Top MCU Movies by IMDB Rating - Statistics

General Stats
  • This quiz has been taken 92 times
  • The average score is 14 of 15
Answer Stats
Rating Answer % Correct
7.9 Iron Man
100%
8.8 Avengers: Endgame
99%
8.1 The Avengers
97%
8.5 Avengers: Infinity War
96%
7.8 Captain America: Civil War
95%
7.9 Thor: Ragnarok
95%
8.1 Guardians of the Galaxy
93%
7.2 Iron Man 3
93%
7.3 Black Panther
92%
7.3 Avengers: Age of Ultron
89%
7.3 Ant-Man
86%
7.5 Doctor Strange
85%
7.7 Guardians of the Galaxy Vol. 2
85%
7.5 Spider-Man: Homecoming
84%
7.8 Captain America: The Winter Soldier
81%
No matching quizzes found
Score Distribution
Percent of People with Each Score
Percentile by Number Answered
Your Score History
You have not taken this quiz